000 00290nam a22001097a 4500
008 170117b xxu||||| |||| 00| 0 eng d
020 _a9780781719230
041 _aeng
080 _23RD
_a618.2
245 _aLEADERSHIP ROLES AND MANAGEMENT FUNCTIONS IN NURSING
_cMARQUIS, B.L
942 _2udc
_cBK
999 _c3006
_d3006